ARRUPE JESUIT UNIVERSITY

CORONAVIRUS -STOP THE SPREAD - CLEAN,DISINFECT,COVER

The scramble for China : (Record no. 127965)

MARC details
000 -LEADER
fixed length control field 02360cam a22003857a 4500
001 - CONTROL NUMBER
control field 17078901
003 - CONTROL NUMBER IDENTIFIER
control field ARRUPE
005 - DATE AND TIME OF LATEST TRANSACTION
control field 20180424143352.0
008 - FIXED-LENGTH DATA ELEMENTS--GENERAL INFORMATION
fixed length control field 111019s2011 enkabcf b 001 0 eng d
010 ## - LIBRARY OF CONGRESS CONTROL NUMBER
LC control number 2011507459
020 ## - INTERNATIONAL STANDARD BOOK NUMBER
International Standard Book Number 9780713997491
020 ## - INTERNATIONAL STANDARD BOOK NUMBER
International Standard Book Number 0713997494
035 ## - SYSTEM CONTROL NUMBER
System control number (OCoLC)ocn743342333
040 ## - CATALOGING SOURCE
Original cataloging agency KIJ
Transcribing agency KIJ
Modifying agency CDX
-- SGB
-- DLC
042 ## - AUTHENTICATION CODE
Authentication code lccopycat
050 00 - LIBRARY OF CONGRESS CALL NUMBER
Classification number DS755
Item number .B53 2012
082 04 - DEWEY DECIMAL CLASSIFICATION NUMBER
Classification number 327.405109034
Edition number 22
300 ## - PHYSICAL DESCRIPTION
Dimensions 20 cm.
100 1# - MAIN ENTRY--PERSONAL NAME
Personal name Bickers, Robert A.
9 (RLIN) 41595
245 14 - TITLE STATEMENT
Title The scramble for China :
Remainder of title foreign devils in the Qing empire, 1832-1914 /
Statement of responsibility, etc Robert Bickers.
260 ## - PUBLICATION, DISTRIBUTION, ETC. (IMPRINT)
Place of publication, distribution, etc London :
Name of publisher, distributor, etc Allen Lane,
Date of publication, distribution, etc 2012.
300 ## - PHYSICAL DESCRIPTION
Extent xv, 495 p. :
504 ## - BIBLIOGRAPHY, ETC. NOTE
Bibliography, etc Includes bibliographical references (p. 404-478) and index.
505 0# - FORMATTED CONTENTS NOTE
Formatted contents note Unwelcome guests -- On a Chinese stage -- Lindsay's war and peace -- Model settlements -- China El Dorado -- At the heart of the heart of the empire -- Inland dreams -- Coastwise -- Jubilees -- Extinction -- History.
520 ## - SUMMARY, ETC.
Summary, etc Humiliated by military disaster, racked by rebellions that cost millions of lives and ultimately invaded during the Boxer Rebellion by thousands of foreign soldiers, it looked as though the colonial Scramble for Africa was about to be followed by the Scramble for China. This new book tells this epic story both from the European (mainly British) point of view and the Chinese. The degradation of China in this period is crucially important to understanding China today, whose government and people are steeped in stories of this terrible time and never wish to appear weak again. --from publisher description
650 #0 - SUBJECT ADDED ENTRY--TOPICAL TERM
Topical term or geographic name as entry element Europeans
Geographic subdivision China
General subdivision History
Chronological subdivision 19th century.
9 (RLIN) 41596
651 #0 - SUBJECT ADDED ENTRY--GEOGRAPHIC NAME
Geographic name China
General subdivision Foreign relations
Geographic subdivision Europe.
9 (RLIN) 41597
651 #0 - SUBJECT ADDED ENTRY--GEOGRAPHIC NAME
Geographic name Europe
General subdivision Foreign relations
Geographic subdivision China.
9 (RLIN) 41598
651 #0 - SUBJECT ADDED ENTRY--GEOGRAPHIC NAME
Geographic name China
General subdivision History
Chronological subdivision Qing dynasty, 1644-1912.
9 (RLIN) 41599
856 42 - ELECTRONIC LOCATION AND ACCESS
Materials specified Publisher description
Uniform Resource Identifier <a href="http://www.loc.gov/catdir/enhancements/fy1506/2011507459-d.html">http://www.loc.gov/catdir/enhancements/fy1506/2011507459-d.html</a>
856 42 - ELECTRONIC LOCATION AND ACCESS
Materials specified Contributor biographical information
Uniform Resource Identifier <a href="http://www.loc.gov/catdir/enhancements/fy1506/2011507459-b.html">http://www.loc.gov/catdir/enhancements/fy1506/2011507459-b.html</a>
906 ## - LOCAL DATA ELEMENT F, LDF (RLIN)
a 7
b cbc
c copycat
d 2
e ncip
f 20
g y-gencatlg
942 ## - ADDED ENTRY ELEMENTS (KOHA)
Source of classification or shelving scheme Library of Congress Classification
Koha item type Monograph ( Printed materials)
Holdings
Withdrawn status Lost status Source of classification or shelving scheme Damaged status Not for loan Collection code Home library Current library Shelving location Date acquired Total Checkouts Full call number Barcode Date last seen Price effective from Koha item type
    Library of Congress Classification     Main Collection ARRUPE LIBRARY ARRUPE LIBRARY Main Collection 24/04/2018   DS755 .B53 2012 46600001589 24/04/2018 24/04/2018 Monograph ( Printed materials)

 

Arrupe Library. PO Box MP320 Mt Pleasant, Harare, Zimbabwe
263 242 745411|librarian@aju.ac.zw